000 01336cam a2200133 4500500
005 20251214004238.0
041 _afre
042 _adc
100 1 0 _aLacroix-Riz, Annie
_eauthor
245 0 0 _aDe Munich à Vichy : L'assassinat de la Troisième République 1938-1940
260 _bArmand Colin,
_c2008.
520 _a70 ans après, la blessure reste vive. Comment la France a-t-elle pu (de concert avec le Royaume-Uni) trahir à ce point ses engagements internationaux et s’engager ainsi dans la voie de l’abaissement, prélude à la capitulation ? Le caractère « sidérant » et profondément dérangeant de cet événement fait qu’aujourd’hui encore bien des zones d’ombre demeurent, bien des responsabilités ne sont que pudiquement esquissées. Annie Lacroix-Riz, redoutable investigatrice qui a fait grincer bien des dents sans que nul ne la prenne jamais en défaut, soulève le voile et nous montre combien le souci de mener la « guerre aux pauvres » a rendu attrayant aux yeux de toute une part des élites françaises le modèle intérieur allemand, avec qui il ne s’est dès lors agi que de favoriser la rencontre : de Munich à la défaite, tout est en somme « préparé pour »…
856 4 1 _uhttps://shs.cairn.info/de-munich-a-vichy--9782200351113?lang=fr&redirect-ssocas=7080
999 _c1568345
_d1568345